[Event "Mittelfranken-chTB2a 1819"]
[Site "Mittelfranken"]
[Date "2018.12.02"]
[Round "3.3"]
[White "Vaas, Andreas"]
[Black "Straschewski, Joerg"]
[Result "1/2-1/2"]
[WhiteElo "1776"]
[BlackElo "1859"]
[PlyCount "92"]
[EventDate "2018.10.14"]
[EventType "team-tourn"]
[EventRounds "9"]
[EventCountry "GER"]
[SourceTitle "EXT 2022"]
[Source "ChessBase"]
[SourceDate "2021.10.06"]
[SourceVersion "1"]
[SourceVersionDate "2021.10.06"]
[SourceQuality "1"]
[WhiteTeam "Dinkelsbuehl"]
[BlackTeam "Cadolzburg"]
[WhiteTeamCountry "GER"]
[BlackTeamCountry "GER"]

1. e4 c5 2. b3 Nc6 3. Bb2 d6 4. f4 Nf6 5. Nc3 Bg4 6. Be2 Bxe2 7. Qxe2 Nd4 8. Qd1 e6 9. Nf3 Be7 10. d3 a6 11. Nxd4 cxd4 12. Ne2 e5 13. 0-0 Qb6 14. Ng3 Rc8 15. Rc1 g6 16. Rf2 Rc6 17. Qe2 h5 18. h3 h4 19. Nf1 Nh5 20. f5 Nf4 21. Rxf4 exf4 22. Qf2 Bf6 23. fxg6 fxg6 24. Qxf4 Qd8 25. Qf2 0-0 26. Re1 Be5 27. Qe2 Qf6 28. Bc1 Rfc8 29. c4 dxc3 30. Ne3 Rf8 31. Rf1 Qe6 32. Rxf8+ Kxf8 33. Qf2+ Qf6 34. Qe2 Kg7 35. Ng4 Bd4+ 36. Kh1 Qf7 37. Qe1 Bf6 38. Qf2 Qe7 39. Bh6+ Kf7 40. Bg5 c2 41. Bxf6 c1Q+ 42. Kh2 Qc2 43. Qf4 Qc1 44. Qf3 Qe6 45. Bg5+ Kg7 46. Bxc1 Rxc1 1/2-1/2

[Event "Mittelfranken-chTB2a 1718"]
[Site "Mittelfranken"]
[Date "2017.10.08"]
[Round "1.3"]
[White "Bachhuber, Dominik"]
[Black "Straschewski, Joerg"]
[Result "1/2-1/2"]
[WhiteElo "1870"]
[BlackElo "1875"]
[PlyCount "90"]
[EventDate "2017.10.08"]
[EventType "team-tourn"]
[EventRounds "9"]
[EventCountry "GER"]
[SourceTitle "EXT 2022"]
[Source "ChessBase"]
[SourceDate "2021.10.06"]
[SourceVersion "1"]
[SourceVersionDate "2021.10.06"]
[SourceQuality "1"]
[WhiteTeam "Jaecklechemie SC"]
[BlackTeam "Cadolzburg"]
[WhiteTeamCountry "GER"]
[BlackTeamCountry "GER"]

1. Nf3 Nf6 2. g3 g6 3. Bg2 Bg7 4. 0-0 0-0 5. d3 d5 6. Nbd2 Nc6 7. c4 e5 8. Rb1 Re8 9. cxd5 Nxd5 10. a3 h6 11. Ne4 f5 12. Nc3 Be6 13. Bd2 Qd7 14. Ne1 Rad8 15. Nc2 Kh7 16. Ne3 Nce7 17. Qc2 c6 18. Rbe1 Nxc3 19. Bxc3 Nd5 20. Bd2 Bf8 21. Nc4 Bf7 22. Ba5 b6 23. Bd2 c5 24. Rd1 Bg7 25. e4 Nc7 26. Bc1 Nb5 27. Qa4 Nd4 28. Qxd7 Rxd7 29. Be3 Red8 30. exf5 gxf5 31. Bxd4 Rxd4 32. Ne3 Bg6 33. Bh3 f4 34. Nf5 Rxd3 35. Rc1 e4 36. b4 Bb2 37. Rc4 R3d5 38. Ne7 Rd1 39. bxc5 Rxf1+ 40. Bxf1 bxc5 41. Nxg6 Kxg6 42. Rxe4 fxg3 43. hxg3 Bxa3 44. Ra4 Bb2 45. Rxa7 Rd6 1/2-1/2

[Event "Mittelfranken-chTB2a 1617"]
[Site "Mittelfranken"]
[Date "2017.01.22"]
[Round "5.5"]
[White "Gets, Alexej"]
[Black "Straschewski, Joerg"]
[Result "1-0"]
[WhiteElo "1833"]
[BlackElo "1863"]
[PlyCount "63"]
[EventDate "2016.10.23"]
[EventType "team-tourn"]
[EventRounds "9"]
[EventCountry "GER"]
[SourceTitle "EXT 2022"]
[Source "ChessBase"]
[SourceDate "2021.10.06"]
[SourceVersion "1"]
[SourceVersionDate "2021.10.06"]
[SourceQuality "1"]
[WhiteTeam "Fuerth SG"]
[BlackTeam "Cadolzburg"]
[WhiteTeamCountry "GER"]
[BlackTeamCountry "GER"]

1. f4 d5 2. Nf3 g6 3. e3 Bg7 4. Be2 Nf6 5. 0-0 0-0 6. c4 c5 7. Na3 d4 8. Ne5 Nbd7 9. exd4 cxd4 10. d3 Ne8 11. Nxd7 Bxd7 12. Bf3 Bc6 13. b4 Nd6 14. g4 Qd7 15. Bxc6 bxc6 16. Rb1 Rab8 17. Bd2 f5 18. g5 e5 19. c5 Nf7 20. fxe5 Bxe5 21. Nc4 Bc7 22. Qf3 Rfe8 23. a4 Ne5 24. Nxe5 Rxe5 25. Rfe1 Rbe8 26. Rxe5 Rxe5 27. Bf4 Re6 28. b5 Bxf4 29. Qxf4 Qd5 30. Qb8+ Kf7 31. bxc6 Rxc6 32. Qxa7+ 1-0

[Event "Mittelfranken-chTB2a 1617"]
[Site "Mittelfranken"]
[Date "2016.12.11"]
[Round "4.5"]
[White "Straschewski, Joerg"]
[Black "Auth, Bernhard"]
[Result "1-0"]
[WhiteElo "1863"]
[BlackElo "1706"]
[PlyCount "107"]
[EventDate "2016.10.23"]
[EventType "team-tourn"]
[EventRounds "9"]
[EventCountry "GER"]
[SourceTitle "EXT 2022"]
[Source "ChessBase"]
[SourceDate "2021.10.06"]
[SourceVersion "1"]
[SourceVersionDate "2021.10.06"]
[SourceQuality "1"]
[WhiteTeam "Cadolzburg"]
[BlackTeam "Bad Windsheim/Ansbach"]
[WhiteTeamCountry "GER"]
[BlackTeamCountry "GER"]

1. c4 e5 2. g3 Nf6 3. Bg2 c6 4. d4 exd4 5. Qxd4 Bb4+ 6. Nc3 Qe7 7. Bg5 h6 8. Bxf6 Qxf6 9. Qxf6 gxf6 10. Rc1 0-0 11. a3 Be7 12. Nh3 d6 13. Nf4 Nd7 14. 0-0 Ne5 15. Nd1 Bf5 16. Ne3 Bh7 17. Rfd1 Rad8 18. Bh3 Rfe8 19. Nf5 Bxf5 20. Bxf5 Kh8 21. Kg2 Rg8 22. e4 Ng6 23. Kf3 Nxf4 24. Kxf4 Rge8 25. g4 Bf8 26. Rc3 Re5 27. Ke3 Ree8 28. h4 b6 29. f4 a5 30. Kf3 Kg8 31. Rb3 Rb8 32. Bd7 Red8 33. Bxc6 Be7 34. Rd5 Rdc8 35. Bb5 Rc5 36. Rbd3 Kf8 37. Rd1 Rxd5 38. exd5 Rb7 39. Bc6 Rc7 40. Re1 Ra7 41. f5 Kg7 42. Re3 Kf8 43. Ke2 Kg7 44. Kd3 Rc7 45. Kc3 h5 46. gxh5 Kh6 47. Re4 Kxh5 48. Ba4 Kh6 49. Bd1 b5 50. b4 axb4+ 51. axb4 bxc4 52. Rxc4 Ra7 53. b5 Bd8 54. Rc6 1-0

[Event "Mittelfranken-chTB2a 1617"]
[Site "Mittelfranken"]
[Date "2016.10.23"]
[Round "1.3"]
[White "Straschewski, Joerg"]
[Black "Lange, Carsten"]
[Result "1/2-1/2"]
[WhiteElo "1863"]
[BlackElo "1858"]
[PlyCount "128"]
[EventDate "2016.10.23"]
[EventType "team-tourn"]
[EventRounds "9"]
[EventCountry "GER"]
[SourceTitle "EXT 2022"]
[Source "ChessBase"]
[SourceDate "2021.10.06"]
[SourceVersion "1"]
[SourceVersionDate "2021.10.06"]
[SourceQuality "1"]
[WhiteTeam "Cadolzburg"]
[BlackTeam "Zirndorf II"]
[WhiteTeamCountry "GER"]
[BlackTeamCountry "GER"]

1. d4 Nf6 2. c4 g6 3. g3 c6 4. Bg2 d5 5. cxd5 cxd5 6. Nc3 Bg7 7. Nf3 0-0 8. 0-0 Nc6 9. Ne5 Nd7 10. Nxc6 bxc6 11. Bf4 Qb6 12. e3 Ba6 13. Na4 Qa5 14. Re1 Bb5 15. Nc3 e5 16. Bxe5 Nxe5 17. dxe5 Bxe5 18. Nxb5 Qxb5 19. Rb1 Rab8 20. Qc2 Qa6 21. b3 Rfd8 22. Red1 Rb6 23. Rbc1 Qa3 24. e4 d4 25. f4 d3 26. Qd2 Bb2 27. Rb1 Qc5+ 28. Kf1 Bc3 29. Rbc1 Bxd2 30. Rxc5 Bb4 31. Rc4 c5 32. e5 Ra6 33. a4 Rb6 34. Be4 d2 35. Bc2 f6 36. Re4 Kf7 37. Ke2 fxe5 38. Rxe5 Re6 39. Rxe6 Kxe6 40. Ke3 Rd7 41. g4 Kf6 42. h4 Re7+ 43. Be4 Ke6 44. Kd3 Rd7+ 45. Ke3 Kf6 46. Bc2 Bc3 47. Be4 Rd4 48. Bd3 Rb4 49. Bc4 Rb7 50. Bd5 Rd7 51. Be4 Re7 52. Kd3 Bb4 53. Ke3 Ke6 54. Kd3 Kd6 55. Ke3 c4 56. bxc4 Kc5 57. Kd3 Re6 58. f5 Rd6+ 59. Bd5 gxf5 60. gxf5 Rh6 61. Rf1 Rxh4 62. Kc2 Rh3 63. f6 Rc3+ 64. Kb2 Rc1 1/2-1/2

[Event "Pyramiden Franken Cup"]
[Site "Fuerth"]
[Date "2016.09.01"]
[Round "1"]
[White "Eichstaedt, Mirko"]
[Black "Straschewski, Joerg"]
[Result "1-0"]
[WhiteElo "2236"]
[BlackElo "1927"]
[PlyCount "51"]
[EventDate "2016.09.01"]
[EventType "swiss"]
[EventRounds "7"]
[EventCountry "GER"]
[SourceTitle "CBM 174 Extra"]
[Source "ChessBase"]
[SourceDate "2016.10.10"]
[SourceVersion "1"]
[SourceVersionDate "2016.10.10"]
[SourceQuality "1"]

1. Nf3 Nf6 2. d4 g6 3. g3 Bg7 4. Bg2 0-0 5. 0-0 d6 6. a4 Nbd7 7. a5 c6 8. Nc3 Re8 9. e4 e5 10. Re1 Qc7 11. h3 Rb8 12. Be3 b5 13. axb6 axb6 14. d5 cxd5 15. exd5 Nc5 16. Bf1 Bf8 17. Nb5 Qd8 18. b4 Ncd7 19. Na7 Ra8 20. Bb5 Qc7 21. Nxc8 Rxa1 22. Qxa1 Rxc8 23. Bc6 Nb8 24. b5 Nxc6 25. dxc6 Nd5 26. Bd2 1-0

[Event "Mittelfranken-chTB2a 1516"]
[Site "Mittelfranken"]
[Date "2016.04.03"]
[Round "8.4"]
[White "Straschewski, Joerg"]
[Black "Mueller, Maximilian"]
[Result "1-0"]
[WhiteElo "1862"]
[BlackElo "1833"]
[PlyCount "107"]
[EventDate "2015.10.18"]
[EventType "team-tourn"]
[EventRounds "9"]
[EventCountry "GER"]
[SourceTitle "EXT 2020"]
[Source "ChessBase"]
[SourceDate "2019.10.17"]
[SourceVersion "1"]
[SourceVersionDate "2019.10.17"]
[SourceQuality "1"]
[WhiteTeam "Cadolzburg"]
[BlackTeam "Buechenbach/Roth II"]
[WhiteTeamCountry "GER"]
[BlackTeamCountry "GER"]

1. d4 d5 2. c4 dxc4 3. e4 b5 4. a4 c6 5. Nc3 b4 6. Na2 e5 7. Nf3 exd4 8. Bxc4 Ba6 9. Bxa6 Nxa6 10. Qxd4 Nc5 11. 0-0 Nb3 12. Qc4 Na5 13. Qe2 Be7 14. Rd1 Qc7 15. g3 Nf6 16. Bf4 Qb7 17. Nc1 0-0 18. Nd3 c5 19. Bg5 Nxe4 20. Bxe7 Qxe7 21. Rac1 Nb3 22. Rc4 f5 23. Nfe5 Nd6 24. Rh4 Rf6 25. Qc2 Qe6 26. Nxc5 Nxc5 27. Qxc5 Ne4 28. Qd5 Qxd5 29. Rxd5 g5 30. Rh5 h6 31. h4 a5 32. hxg5 Nxg5 33. Kg2 Ra7 34. Rh1 Kg7 35. Rhd1 f4 36. gxf4 Rxf4 37. Kg3 Rf5 38. f4 Ne4+ 39. Kf3 Nf6 40. Rb5 Kg8 41. Rd6 Kg7 42. Nc4 Rxb5 43. axb5 Rb7 44. b6 a4 45. Na5 Rb8 46. b7 a3 47. bxa3 bxa3 48. Rd3 a2 49. Ra3 Nd7 50. Rxa2 Nc5 51. Rc2 Na6 52. Rc6 Nb4 53. Rc7+ Kg6 54. Rc4 1-0

[Event "Mittelfranken-chTB2a 1516"]
[Site "Mittelfranken"]
[Date "2016.02.28"]
[Round "7.5"]
[White "Lunz, Dieter"]
[Black "Straschewski, Joerg"]
[Result "1/2-1/2"]
[WhiteElo "1904"]
[BlackElo "1862"]
[PlyCount "51"]
[EventDate "2015.10.18"]
[EventType "team-tourn"]
[EventRounds "9"]
[EventCountry "GER"]
[SourceTitle "EXT 2020"]
[Source "ChessBase"]
[SourceDate "2019.10.17"]
[SourceVersion "1"]
[SourceVersionDate "2019.10.17"]
[SourceQuality "1"]
[WhiteTeam "Heilsbronn"]
[BlackTeam "Cadolzburg"]
[WhiteTeamCountry "GER"]
[BlackTeamCountry "GER"]

1. e4 e6 2. d4 d5 3. Nc3 Bb4 4. a3 Bxc3+ 5. bxc3 dxe4 6. Qg4 Nf6 7. Qxg7 Rg8 8. Qh6 Rg6 9. Qe3 Nc6 10. Ne2 Ne7 11. Nf4 Rg8 12. g3 Nf5 13. Qe2 Bd7 14. Bg2 Bc6 15. Nh5 Nxh5 16. Qxh5 Nh4 17. gxh4 Rxg2 18. Bg5 Qd5 19. Qxh7 Rxg5 20. hxg5 e3 21. Rf1 Bb5 22. g6 0-0-0 23. fxe3 Bxf1 24. Qxf7 Bc4 25. 0-0-0 Qg5 26. Re1 1/2-1/2

[Event "Mittelfranken-chTB2a 1516"]
[Site "Mittelfranken"]
[Date "2016.02.14"]
[Round "6.5"]
[White "Straschewski, Joerg"]
[Black "Wieczorek, Heinz"]
[Result "1-0"]
[WhiteElo "1862"]
[BlackElo "1672"]
[PlyCount "105"]
[EventDate "2015.10.18"]
[EventType "team-tourn"]
[EventRounds "9"]
[EventCountry "GER"]
[SourceTitle "EXT 2020"]
[Source "ChessBase"]
[SourceDate "2019.10.17"]
[SourceVersion "1"]
[SourceVersionDate "2019.10.17"]
[SourceQuality "1"]
[WhiteTeam "Cadolzburg"]
[BlackTeam "Nuernberg Sued SW IV"]
[WhiteTeamCountry "GER"]
[BlackTeamCountry "GER"]

1. d4 Nf6 2. c4 e6 3. Nc3 Bb4 4. f3 Nc6 5. Bg5 d5 6. e3 0-0 7. cxd5 exd5 8. Bd3 Re8 9. Nge2 h6 10. Bxf6 Qxf6 11. 0-0 Be6 12. Qd2 Rad8 13. Rad1 a6 14. a3 Ba5 15. b4 Bb6 16. Na4 Ba7 17. Nc5 Bc8 18. Rfe1 Nb8 19. Bb1 Nd7 20. Nf4 Nxc5 21. bxc5 c6 22. Nd3 Bb8 23. f4 Bf5 24. Ne5 Bxb1 25. Rxb1 Bxe5 26. fxe5 Qe7 27. Rf1 Rd7 28. Rf3 Qe6 29. Qd3 Rf8 30. Rbf1 Kh8 31. h3 Qe7 32. Qf5 Rc7 33. Qh5 Kh7 34. Qf5+ Kg8 35. g4 Rcc8 36. Kg2 Qe6 37. Kg3 Qxf5 38. gxf5 g6 39. Kg4 Kg7 40. R3f2 Rce8 41. Rb1 gxf5+ 42. Kxf5 Re7 43. Rg2+ Kh8 44. Rgb2 Rb8 45. Rb6 Rg8 46. Rxb7 Rxb7 47. Rxb7 Rg5+ 48. Kf4 Kg8 49. h4 Rg1 50. Rb6 Rf1+ 51. Kg4 Rg1+ 52. Kf3 Rh1 53. Rxa6 1-0

[Event "Mittelfranken-chTB2a 1415"]
[Site "Mittelfranken"]
[Date "2014.12.14"]
[Round "4.7"]
[White "Straschewski, Joerg"]
[Black "Martin, Hans"]
[Result "1-0"]
[WhiteElo "1862"]
[BlackElo "1778"]
[PlyCount "87"]
[EventDate "2014.09.28"]
[EventType "team-tourn"]
[EventRounds "9"]
[EventCountry "GER"]
[SourceTitle "EXT 2020"]
[Source "ChessBase"]
[SourceDate "2019.10.17"]
[SourceVersion "1"]
[SourceVersionDate "2019.10.17"]
[SourceQuality "1"]
[WhiteTeam "Cadolzburg"]
[BlackTeam "Buechenbach/Roth II"]
[WhiteTeamCountry "GER"]
[BlackTeamCountry "GER"]

1. d4 Nf6 2. c4 e6 3. Nc3 Bb4 4. f3 0-0 5. a3 Bxc3+ 6. bxc3 d5 7. e3 c5 8. cxd5 exd5 9. Bd3 cxd4 10. cxd4 Nc6 11. Ne2 Ne7 12. 0-0 Bf5 13. Bxf5 Nxf5 14. e4 Ne7 15. Bg5 h6 16. Bxf6 gxf6 17. Rb1 Qd7 18. Qd3 Rfc8 19. Rb5 a6 20. Rb6 Rc6 21. Rfb1 Rb8 22. Qb3 Rxb6 23. Qxb6 Qe6 24. Nf4 Qxb6 25. Rxb6 Kg7 26. Nxd5 Nc6 27. Nxf6 Kxf6 28. d5 Rc8 29. dxc6 bxc6 30. Rxa6 Ke5 31. Ra4 Rb8 32. Rc4 Kf4 33. Rc2 Rb3 34. Kf2 Rxa3 35. g3+ Ke5 36. Rxc6 Ra2+ 37. Kg1 Ra1+ 38. Kg2 Ra2+ 39. Kh3 Ra3 40. Rc5+ Kd4 41. Rf5 Ra7 42. Kg4 Ra2 43. h4 Ra6 44. Kf4 1-0

[Event "Mittelfranken-chTB2a 1415"]
[Site "Mittelfranken"]
[Date "2014.11.16"]
[Round "3.6"]
[White "Straschewski, Joerg"]
[Black "Schindler, Jan"]
[Result "1-0"]
[WhiteElo "1862"]
[BlackElo "1565"]
[PlyCount "63"]
[EventDate "2014.09.28"]
[EventType "team-tourn"]
[EventRounds "9"]
[EventCountry "GER"]
[SourceTitle "EXT 2020"]
[Source "ChessBase"]
[SourceDate "2019.10.17"]
[SourceVersion "1"]
[SourceVersionDate "2019.10.17"]
[SourceQuality "1"]
[WhiteTeam "Cadolzburg"]
[BlackTeam "Anderssen/78 Nuernberg"]
[WhiteTeamCountry "GER"]
[BlackTeamCountry "GER"]

1. d4 Nf6 2. c4 e6 3. Nc3 Bb4 4. Qc2 d5 5. cxd5 Nxd5 6. e4 Nb6 7. Nf3 0-0 8. Bf4 c6 9. Bd3 h6 10. 0-0 N8d7 11. Rad1 Qf6 12. Ne2 g5 13. Bg3 Re8 14. a3 Bf8 15. a4 a5 16. Bc7 Qg7 17. Ng3 Be7 18. Rfe1 f6 19. d5 exd5 20. Nf5 Qf8 21. Nxe7+ Qxe7 22. exd5 Qf8 23. dxc6 Rxe1+ 24. Rxe1 Nd5 25. cxd7 Bxd7 26. Bc4 Qc5 27. Qg6+ Kf8 28. Qxh6+ Kg8 29. Nxg5 fxg5 30. Qxg5+ Kf8 31. Bxd5 Ra6 32. Qg8# 1-0

[Event "Pyramiden Franken Cup"]
[Site "Fuerth"]
[Date "2014.09.06"]
[Round "5"]
[White "Straschewski, Joerg"]
[Black "Kammer, Christoph"]
[Result "0-1"]
[WhiteElo "1979"]
[BlackElo "2017"]
[PlyCount "56"]
[EventDate "2014.09.04"]
[EventType "swiss"]
[EventRounds "7"]
[EventCountry "GER"]
[SourceTitle "CBM 162 Extra"]
[Source "ChessBase"]
[SourceDate "2014.10.17"]
[SourceVersion "1"]
[SourceVersionDate "2014.10.17"]
[SourceQuality "1"]

1. d4 e6 2. c4 f5 3. g3 Nf6 4. Bg2 Be7 5. Nf3 d6 6. 0-0 0-0 7. Nc3 a5 8. Qc2 Nc6 9. a3 Qe8 10. d5 Ne5 11. Nxe5 dxe5 12. dxe6 Bxe6 13. Bxb7 Qh5 14. Bf3 Ng4 15. Bxg4 Qxg4 16. Nd5 Bd8 17. f4 g5 18. fxe5 f4 19. Qe4 c6 20. Nf6+ Bxf6 21. exf6 Rad8 22. Bxf4 Rxf6 23. Qe5 Rxf4 24. e3 Rxf1+ 25. Rxf1 Rd1 26. Qxa5 Rxf1+ 27. Kxf1 Bxc4+ 28. Kg2 Qe2+ 0-1

[Event "Pyramiden Franken Cup"]
[Site "Fuerth"]
[Date "2014.09.04"]
[Round "1"]
[White "Straschewski, Joerg"]
[Black "Krauss, Josef"]
[Result "0-1"]
[WhiteElo "1979"]
[BlackElo "2160"]
[PlyCount "80"]
[EventDate "2014.09.04"]
[EventType "swiss"]
[EventRounds "7"]
[EventCountry "GER"]
[SourceTitle "CBM 162 Extra"]
[Source "ChessBase"]
[SourceDate "2014.10.17"]
[SourceVersion "1"]
[SourceVersionDate "2014.10.17"]
[SourceQuality "1"]

1. d4 d5 2. c4 c6 3. cxd5 cxd5 4. Nc3 Nf6 5. Bf4 Nc6 6. e3 a6 7. Be2 Bf5 8. Nf3 e6 9. 0-0 Bd6 10. Ne5 Bxe5 11. Bxe5 0-0 12. g4 Bg6 13. Bg3 Ne4 14. Nxe4 Bxe4 15. f3 Bg6 16. Rc1 Rc8 17. Bd3 Bxd3 18. Qxd3 Qe7 19. Kg2 Na5 20. Rc3 Qb4 21. Be1 Qxb2+ 22. Rf2 Rxc3 23. Bxc3 Qa3 24. Qd2 Nc4 25. Qe1 a5 26. e4 b5 27. exd5 exd5 28. Re2 b4 29. Bd2 Qa4 30. Bg5 h6 31. Be7 Re8 32. h4 Qd7 33. g5 hxg5 34. hxg5 Qf5 35. Kg3 Qg6 36. f4 Qd3+ 37. Kg4 Nd6 38. Re5 Nc4 39. Re2 Qxd4 40. Bc5 Rxe2 0-1

[Event "Mittelfranken-chTB2a 1314"]
[Site "Mittelfranken"]
[Date "2014.03.09"]
[Round "7.3"]
[White "Straschewski, Joerg"]
[Black "Lunz, Dieter"]
[Result "1/2-1/2"]
[WhiteElo "1862"]
[BlackElo "1904"]
[PlyCount "29"]
[EventDate "2013.10.20"]
[EventType "team-tourn"]
[EventRounds "9"]
[EventCountry "GER"]
[SourceTitle "EXT 2020"]
[Source "ChessBase"]
[SourceDate "2019.10.17"]
[SourceVersion "1"]
[SourceVersionDate "2019.10.17"]
[SourceQuality "1"]
[WhiteTeam "Cadolzburg"]
[BlackTeam "Heilsbronn"]
[WhiteTeamCountry "GER"]
[BlackTeamCountry "GER"]

1. d4 c5 2. d5 d6 3. c4 e5 4. e4 Be7 5. Nf3 f5 6. Nc3 Nf6 7. Bd3 f4 8. h3 h6 9. Bd2 Nbd7 10. a3 g5 11. b4 b6 12. Bc2 Nf8 13. Ba4+ Kf7 14. bxc5 bxc5 15. Rb1 1/2-1/2

[Event "Mittelfranken-chTB2a 1314"]
[Site "Mittelfranken"]
[Date "2013.10.20"]
[Round "1.3"]
[White "Vaas, Andreas"]
[Black "Straschewski, Joerg"]
[Result "1-0"]
[WhiteElo "1761"]
[BlackElo "1862"]
[PlyCount "49"]
[EventDate "2013.10.20"]
[EventType "team-tourn"]
[EventRounds "9"]
[EventCountry "GER"]
[SourceTitle "EXT 2020"]
[Source "ChessBase"]
[SourceDate "2019.10.17"]
[SourceVersion "1"]
[SourceVersionDate "2019.10.17"]
[SourceQuality "1"]
[WhiteTeam "Dinkelsbuehl Wassertruedingen"]
[BlackTeam "Cadolzburg"]
[WhiteTeamCountry "GER"]
[BlackTeamCountry "GER"]

1. Nf3 Nf6 2. g3 g6 3. Bg2 Bg7 4. 0-0 0-0 5. c4 d6 6. d4 Nc6 7. Nc3 a6 8. Qc2 Rb8 9. Rd1 Bd7 10. Bg5 h6 11. Bf4 b5 12. cxb5 axb5 13. Rac1 b4 14. Nb1 g5 15. Be3 Nd5 16. Nxg5 hxg5 17. Bxd5 Rb6 18. Bxg5 Qe8 19. Qe4 e6 20. Bb3 f5 21. Qh4 Qg6 22. d5 Nd4 23. Rxd4 Bxd4 24. Qxd4 Qxg5 25. Rxc7 1-0

[Event "Mittelfranken-chTB2a 1213"]
[Site "Germany"]
[Date "2013.03.10"]
[Round "8.2"]
[White "Koschka, Robert"]
[Black "Straschewski, Joerg"]
[Result "1-0"]
[WhiteElo "1869"]
[BlackElo "2008"]
[PlyCount "123"]
[EventDate "2012.10.07"]
[EventType "team-tourn"]
[EventRounds "9"]
[EventCountry "GER"]
[SourceTitle "EXT 2019"]
[Source "ChessBase"]
[SourceDate "2018.10.10"]
[SourceVersion "1"]
[SourceVersionDate "2018.10.10"]
[SourceQuality "1"]
[WhiteTeam "Fuerth SF II"]
[BlackTeam "Cadolzburg"]
[WhiteTeamCountry "GER"]
[BlackTeamCountry "GER"]

1. e4 e6 2. Nc3 d5 3. Nf3 d4 4. Ne2 c5 5. c3 dxc3 6. bxc3 Nc6 7. d4 Nf6 8. Qc2 Bd7 9. a3 Rc8 10. Qb1 Be7 11. Ng3 Qc7 12. Bd2 h5 13. Bd3 b6 14. h3 Rd8 15. Ne2 Bc8 16. Be3 cxd4 17. cxd4 Bb7 18. 0-0 0-0 19. Rc1 Qb8 20. Bf4 Qa8 21. Be3 Na5 22. Nd2 Rc8 23. f3 Rxc1+ 24. Qxc1 Qc8 25. Qb2 Qd7 26. Rc1 Rc8 27. Nc4 Nxc4 28. Bxc4 Qa4 29. Bb3 Qxa3 30. Qxa3 Bxa3 31. Ra1 Ba6 32. Kf2 Bxe2 33. Kxe2 Bb4 34. Rxa7 Kf8 35. Rb7 Ba5 36. d5 exd5 37. exd5 Rd8 38. Bg5 Rd6 39. Bf4 Rd7 40. Rb8+ Ne8 41. d6 b5 42. Rxb5 Bd8 43. Rxh5 Nxd6 44. Rh8+ Ke7 45. Ba4 Ra7 46. Bxd6+ Kxd6 47. Rxd8+ Ke7 48. Rd4 g6 49. h4 Kf6 50. g4 Ke5 51. Ke3 Kf6 52. Kf4 Kg7 53. Bb3 Rb7 54. Bc4 Rc7 55. Ke5 Re7+ 56. Kd6 Rb7 57. Bd5 Ra7 58. Re4 Ra6+ 59. Bc6 Kf6 60. Rf4+ Kg7 61. g5 Ra7 62. Ra4 1-0

[Event "Nuremberg LGA Cup 9th"]
[Site "Nuremberg"]
[Date "2012.09.09"]
[Round "6"]
[White "Straschewski, Joerg"]
[Black "Reichel, Guenther"]
[Result "1-0"]
[WhiteElo "2008"]
[BlackElo "1730"]
[PlyCount "29"]
[EventDate "2012.09.06"]
[EventType "swiss"]
[EventRounds "7"]
[EventCountry "GER"]
[SourceTitle "CBM 150 Extra"]
[Source "ChessBase"]
[SourceDate "2012.10.19"]
[SourceVersion "1"]
[SourceVersionDate "2012.10.19"]
[SourceQuality "1"]

1. d4 e6 2. e4 d5 3. Nc3 c5 4. exd5 exd5 5. Bb5+ Nc6 6. Nf3 Nf6 7. 0-0 c4 8. Ne5 Qc7 9. Bg5 Be6 10. f4 Ne4 11. Nxe4 dxe4 12. d5 Qb6+ 13. Kh1 Qxb5 14. dxe6 f6 15. Qd7# 1-0

[Event "Nuremberg LGA Cup 9th"]
[Site "Nuremberg"]
[Date "2012.09.07"]
[Round "2"]
[White "Heidrich, Manfred"]
[Black "Straschewski, Joerg"]
[Result "1-0"]
[WhiteElo "2309"]
[BlackElo "2008"]
[PlyCount "71"]
[EventDate "2012.09.06"]
[EventType "swiss"]
[EventRounds "7"]
[EventCountry "GER"]
[SourceTitle "CBM 150 Extra"]
[Source "ChessBase"]
[SourceDate "2012.10.19"]
[SourceVersion "1"]
[SourceVersionDate "2012.10.19"]
[SourceQuality "1"]

1. e4 e6 2. d4 d5 3. Nc3 Bb4 4. e5 c5 5. Bd2 Ne7 6. Nb5 Bxd2+ 7. Qxd2 0-0 8. dxc5 Nd7 9. f4 Nxc5 10. Bd3 Bd7 11. Nd4 f6 12. exf6 Rxf6 13. g3 Nc6 14. Ngf3 Nxd4 15. Nxd4 e5 16. fxe5 Qe7 17. 0-0-0 Qxe5 18. Rde1 Ne4 19. Qe3 Re8 20. Rhf1 Rxf1 21. Rxf1 Nc5 22. Qxe5 Nxd3+ 23. cxd3 Rxe5 24. Kd2 h6 25. Rc1 Rh5 26. h4 g5 27. hxg5 Rh2+ 28. Ke3 Rxb2 29. Rc7 Bh3 30. gxh6 Rxa2 31. Rg7+ Kf8 32. Rxb7 Kg8 33. Nf3 Ra6 34. Rb8+ Kh7 35. Ng5+ Kxh6 36. Nxh3 1-0

[Event "Nuremberg LGA Cup 9th"]
[Site "Nuremberg"]
[Date "2012.09.07"]
[Round "4"]
[White "Straschewski, Joerg"]
[Black "Seibold, Hubert"]
[Result "0-1"]
[WhiteElo "2008"]
[BlackElo "2195"]
[PlyCount "134"]
[EventDate "2012.09.06"]
[EventType "swiss"]
[EventRounds "7"]
[EventCountry "GER"]
[SourceTitle "CBM 150 Extra"]
[Source "ChessBase"]
[SourceDate "2012.10.19"]
[SourceVersion "1"]
[SourceVersionDate "2012.10.19"]
[SourceQuality "1"]

1. d4 d5 2. c4 c6 3. Nc3 Nf6 4. cxd5 cxd5 5. Nf3 Nc6 6. Bf4 Bf5 7. e3 e6 8. Ne5 Nxe5 9. Bxe5 Nd7 10. Qb3 Nxe5 11. dxe5 Be7 12. Bb5+ Kf8 13. 0-0 f6 14. Rfd1 Qb6 15. exf6 gxf6 16. Na4 Qa5 17. Rac1 a6 18. Bd3 Bxd3 19. Rxd3 b5 20. Nc3 Rc8 21. Rcd1 Qb4 22. Qc2 Qg4 23. f3 Qg6 24. Qd2 Kf7 25. Ne2 Rhd8 26. Nf4 Qg5 27. Rc1 Qe5 28. Rxc8 Rxc8 29. Ne2 Bd6 30. g3 h5 31. e4 Bc5+ 32. Kg2 dxe4 33. Rd7+ Be7 34. Qh6 exf3+ 35. Kxf3 Qf5+ 36. Kg2 Rc2 37. Rd2 Qe4+ 38. Kh3 Qg4+ 39. Kg2 Qe4+ 40. Kh3 Qf5+ 41. Kg2 Rxd2 42. Qxd2 h4 43. Nf4 Qe4+ 44. Kh3 hxg3 45. hxg3 Qh1+ 46. Qh2 Qxh2+ 47. Kxh2 Bd6 48. Ne2 f5 49. Kg2 e5 50. Kf3 Ke6 51. g4 e4+ 52. Ke3 fxg4 53. Kxe4 Be5 54. b3 Kd6 55. Nc1 Ke6 56. Nd3 Bd6 57. a4 g3 58. Ne1 Bc5 59. axb5 axb5 60. Kf3 Bf2 61. Nd3 Kd5 62. Nxf2 gxf2 63. Kxf2 Kd4 64. Ke2 Kc3 65. b4 Kxb4 66. Kd2 Kb3 67. Kc1 Ka2 0-1